000 00747nam a22002177a 4500
999 _c13332
_d13332
003 AR-CdUCM
008 190415b ||||| |||| 00| 0 spa d
040 _aMUNICIPALIDAD PROVINCIAL DEL CUSCO
_cBIBLIOTECA MUNICIPAL DEL CUSCO
082 _a498.51 /
_bP13
100 _aPacheco Farfán, Juvenal
_96730
245 _aLingüística y quechua inka /
260 _aCusco :
_c2006.
300 _a337 páginas ;
_bilustraciones,
_c20 cm.
505 _aContenido: Sociedad, cultura y lenguaje -- Ciencia de la lingüística i quechua inka -- Quechua o runasimi inka.
650 _aLengua quechua
_97426
650 _aGramática
_99175
650 _aLenguaje natio
_931701
650 _aPerú
_935
942 _2ddc
_cLIBROS
945 _aachl
_d2019-04-15